Účinnosť skúšaných prípravkov proti plazmopare viničovej

Bibliographic Details
Main Author: Kakalíková, Ľubomíra (Author)
Format: Article
Language:Slovak
PhysicalDescription:Tab. 2
ISSN:0002-1830
Subjects:

MARC

LEADER 00000nab a2200000 a 4500
001 vtls000518318
003 SK-MaSNL
005 20260304235724.0
008 250425c1994 xo 0 slo
015 |a SNBRB19rr/mm-uuuuu 
035 |a CL0518456 
035 |a urn:nbn:sk:snk-abbog4 
035 |a (urnnbn)urn:nbn:sk:snk:ar-008jdj 
035 |a (uuid)ef3f6b64-0cdf-4859-9251-162e9dafd375 
040 |a SNKBUCL  |b slo  |c SNKBUCL  |e AACR2 
041 0 |a slo 
044 |a xo  |c SK 
080 |a 632.952:634.8:632.4  |2 1981 
080 |a 634.8  |2 1981 
080 |a 632.4  |2 1981 
100 1 |a Kakalíková, Ľubomíra  |4 aut  |9 800715 
245 1 0 |a Účinnosť skúšaných prípravkov proti plazmopare viničovej  |c Ľubomíra Kakalíková 
300 |b Tab. 2 
650 0 7 |a vinič hroznorodý  |2 snkbucl  |9 15944 
650 0 7 |a peronospóra viniča  |2 snkbucl  |9 14843 
650 0 7 |a plazmopara viničová  |2 snkbucl  |9 90748 
650 0 7 |a fungicídy  |2 snkbucl  |9 15201 
655 7 |a články z novín a časopisov  |2 snkbucl  |9 267496 
773 0 |t Agrochémia  |g Roč. 34, č. 5 (1994), s. 101-102  |x 0002-1830 
850 |a Slovenská národná knižnica 
852 |a Slovenská národná knižnica 
954 |a odborná, vedecká literatúra pôvodná (slovenská)  |2 lita 
958 |a article15 
958 |a OND 
958 |a RK 
958 |a EUIPO 
992 |a RBX 
999 |c 3210168  |d 3212098